Han Wen'gong Lun yu bi jie kao : 2 juan /

Saved in:
Bibliographic Details
Main Author: Confucius.
Other Authors: Han, Yu, 768-824., Itō, Randen, 1734-1809.
Format: Book
Language:Chinese
Published: Taibei, Min guo 55 [1966]
Subjects:
Tags: Add Tag
No Tags, Be the first to tag this record!
LEADER 01313cam a2200325ui 4500
001 007724607-1
005 20024617112705.0
008 980302r19661933ch 000 0 chi d
035 0 |a ocm38532473 
040 |a *YNH*  |c *YNH*  |d CStRLIN 
100 0 |a Confucius. 
245 1 0 |6 880-01  |a Han Wen'gong Lun yu bi jie kao :  |b 2 juan /  |c Han Yu zhu ; Dongguinian [Yidong Lantian] kao. 
246 3 0 |6 880-02  |a Lun yu bi jie kao 
260 |6 880-03  |a Taibei,  |c Min guo 55 [1966] 
300 |a 1 v. ;  |c 19 cm. 
500 |6 880-04  |a (In Yan Lingfeng bian ji Wu qiu bei zhai Lun yu ji cheng v. 264) 
500 |6 880-05  |a Facsimile reproduction of Riben Zhaohe 8 nian Song shan fang kan ben. 
600 0 0 |6 880-06  |a Confucius.  |t Lun yu. 
700 1 |6 880-07  |a Han, Yu,  |d 768-824. 
700 1 |6 880-08  |a Itō, Randen,  |d 1734-1809. 
880 1 0 |6 245-01  |a 韓文公論語筆解考 :  |b 2卷 /  |c 韓愈著 ; 東龜年[伊東藍田]考. 
880 3 0 |6 246-02  |a 論語筆解考 
880 |6 260-03  |a 台北,  |c 民國55 [1966] 
880 |6 500-04  |a (In 嚴靈峯編輯 無求備齋論語集成 v. 264) 
880 |6 500-05  |a Facsimile reproduction of 日本昭和8年嵩山房刋本. 
880 0 0 |6 600-06  |a Confucius.  |t 論語. 
880 1 |6 700-07  |a 韓愈,  |d 768-824. 
880 1 |6 700-08  |a 伊東藍田,  |d 1734-1809. 
988 |a 20021121 
906 |0 MH